000 00193nam a22000857a 4500
001 1242713
005 20251015104709.0
245 _aKONUŞMAK YOK
_cANDREW CLEMENTS
260 _bGÜNIŞIĞI YAYINLARI
999 _c1242713
_d1242713